00372nam a2200157Ia 45000010006000000050017000060080041000230410008000640820016000721000032000882450041001202600009001613000028001706500008001986540008002061381620260306164829.0260306t2013||||xx |||||||||||||| ||spa|| aESP a005.3bS726 aScott Peña, PatriciaeAUT 0aManual imprescindible de office 2013 c2013 a415 páginas :c23 cm. aGEN aCCC